Guatemala: triunfo electoral de la derecha /
Salvato in:
| Autore principale: | |
|---|---|
| Natura: | testo |
| Lingua: | Spanish |
| Tags: |
Aggiungi Tag
Nessun Tag, puoi essere il primo ad aggiungerne!!
|
MARC
| LEADER | 00000 a a2200000 04500 | ||
|---|---|---|---|
| 003 | cru CIDCACS/IIS | ||
| 005 | 20230328144715.0 | ||
| 008 | 230328b |||||||| |||| 00| 0 spa d | ||
| 040 | |c cru CIDCACS/IIS | ||
| 100 | 1 | |a Burch, Sally |9 4922 |e Autora | |
| 245 | |a Guatemala: |b triunfo electoral de la derecha / |c Sally Burch | ||
| 300 | |a páginas 5-6 | ||
| 500 | |a Colección Centroamérica | ||
| 773 | |g volumen 23, número 303; páginas 18-20 | ||
| 773 | 0 | |0 42391 |9 3513 |a Agencia Latinoamericana de Información, ALAI |d Quito, Ecuador: ALAI |o 08351 |t ALAI: |x 08275564 (Servicio mensual de información y documentación) | |
| 942 | |2 ddc |c PP | ||
| 999 | |c 44857 |d 44857 | ||
